Use case driven object modeling with UML : a practical approach

Αποθηκεύτηκε σε:
Λεπτομέρειες βιβλιογραφικής εγγραφής
Κύριος συγγραφέας: Rosenberg, Doug
Άλλοι συγγραφείς: Scott, Kendall 1960-
Μορφή: Βιβλίο
Γλώσσα:English
Δημοσίευση: Reading, Mass. ; Harlow, England : Addison-Wesley, c1999
Σειρά:Addison-Wesley object technology series
Object technology series
Θέματα:
Ετικέτες: Προσθήκη ετικέτας
Δεν υπάρχουν, Καταχωρήστε ετικέτα πρώτοι!

MARC

LEADER 00000nam a2200000 i 4500
001 1/95725
008 991208s1999 eng d
020 |a 0201432897 
035 |l 10055428 
040 |a GR-MY-UA  |b gre  |e aacr 
041 0 |a eng 
082 0 |a 005.117 
100 1 |a Rosenberg, Doug. 
245 1 0 |a Use case driven object modeling with UML :  |b a practical approach /  |c Doug Rosenberg with Kendall Scott 
260 |a Reading, Mass. ; Harlow, England :   |b Addison-Wesley,   |c c1999 
300 |a xix, 165 p.;  |b ill.;  |c 24 cm. 
490 1 |a Addison-Wesley object technology series 
490 1 |a Object technology series 
504 |a Includes bibliographical references and index 
650 0 0 |a Object-oriented methods (Computer science) 
650 0 0 |a UML (Computer science) 
650 0 0 |a Use cases (Systems engineering) 
700 1 |a Scott, Kendall  |d 1960- 
830 0 |a Addison-Wesley object technology series 
830 0 |a Object technology series 
852 |a INST  |b SAMOS  |e 19991208  |h 005.117 ROS  |p 005300016435  |q 005300016435  |t BK  |y 0 
901 |a BIBL3-1999-3 
909 |a Σ  |b 070549 
922 |a 3ΕΛΗ  |b 199911  |c ΤΠΕΣ  |d ΠΑΠΑΣΩΤΗΡΙΟΥ 
970 |a ΓΕΝΟΥΖΟΥ  |b ΧΡΥΣΑΝΘΗ  |z 1999/12/08